000 00552nam a2200133Ia 4500
005 20260209120154.0
008 260209s9999||||xx |||||||||||||| ||und||
100 _aShreya Rai
245 0 _aMoving beyond the skill and chance debate : a comparative international regulatory framework analysis for online gambling laws in India
260 _aBangaloreBangalore
_bNLSIU, Bangalore
_c2024 - 2025
300 _a31 p. ; 25 cm.
700 _aDr. Vijetha Ravi - SupervisorDr. Vijetha Ravi - Supervisor
856 _uhttps://dans.nls.ac.in/handle/123456789/2494
999 _c217829
_d217829